Statistics for Eurovision 2018 Final Results

Click here to take the quiz!

General Stats

  • This quiz has been taken 57 times
  • The average score is 40 of 43

Answer Stats

PositionSongArtistCountry% Correct
#1 (529 Points)ToyNettaIsrael
100%
#3 (342 Points)Nobody But YouCesar SimpsonAustria
100%
#2 (436 Points)FuegoEleni FoureiraCyprus
100%
#13 (173 Points)MercyMadame MonsieurFrance
100%
#24 (48 Points)StormSuRieUnited Kingdom
98%
#4 (340 Points)You Let Me Walk AloneMichael SchulteGermany
98%
#5 (308 Points)Non mi avete fatto nienteErmal Meta & Fabrizio MoroItaly
98%
#7 (274 Points)Dance You OffBenjamin IngrossoSweden
98%
#9 (226 Points)Higher GroundRasmussenDenmark
98%
#23 (61 Points)Tu canciónAmaia & AlfredSpain
98%
#25 (46 Points)MonstersSaara AaltoFinland
98%
#15 (144 Points)That's How You Write A SongAlexander RybackNorway
98%
#17 (130 Points)Under The LadderMELOVINUkraine
96%
#19 (113 Points)Nova DecaSanja Ilić & BalkanikaSerbia
96%
#12 (181 Points)When We're OldIeva ZasimauskaitėLithuania
96%
#20 (99 Points)We Got LoveJessica MauboyAustralia
96%
#8 (245 Points)La forzaElina NechayevaEstonia
96%
#34 [#14 Semi-Final 2] (81 Points)Light Me UpGromee featuring Lukas MeijerPoland
94%
#26 (39 Points)O jardimClaudia PascoalPortugal
94%
#22 (64 Points)Hvala ne!Lea SirkSlovenia
94%
#16 (136 Points)TogetherRyan O'ShaughnessyIreland
94%
#14 (166 Points)BonesEquinoxBulgaria
94%
#10 (209 Points)My Lucky DayDoReDoSMoldova
94%
#18 (121 Points)Outlaw In EmWaylonNetherlands
94%
#6 (281 Points)Lie To MeMikolas JosefCzech Republic
94%
#11 (184 Points)MallEugent BushpepaAlbania
92%
#29 [#13 Semi-Final 2] (101 Points)TabooChristabelleMalta
92%
#21 (93 Points)Viszlát nyárAWSHungary
90%
#30 [#11 Semi-Final 1] (94 Points)X My HeartAiselAzerbaijan
90%
#31 [#12 Semi-Final 1] (91 Points)A Matter of TimeSennekBelgium
90%
#37 [#15 Semi-Final 2] (65 Points)I Won't BreakJulia SamoylovaRussia
88%
#39 [#16 Semi-Final 2] (40 Points)InjeVanja RadovanovicMontenegro
88%
#38 [#17 Semi-Final 1] (63 Points)CrazyFrankaCroatia
88%
#37 [#16 Semi-Final 1] (65 Points)ForeverAlekseevBelarus
88%
#32 [#13 Semi-Final 1] (86 Points)StonesZibbzSwitzerland
88%
#34 [#14 Semi-Final 1] (81 Points)Oniro MouYianna TerziGreece
88%
#28 [#12 Semi-Final 2] (106 Points)Funny GirlLaura RizzottoLatvia
88%
#43 [#19 Semi-Final 1] (15 Points)Our ChoiceAri OlafssonIceland
88%
#35 [#15 Semi-Final 1] (79 Points)QamiSevak KhanagyanArmenia
86%
#40 [#17 Semi-Final 2] (28 Points)Who We AreJessika ft. Jenifer BreningSan Marino
86%
#42 [#18 Semi-Final 2] (24 Points)For YouEthno Jazz Band IriaoGeorgia
82%
#42 [#18 Semi-Final 1] (24 Points)Lost & FoundEye CueFYR Macedonia
82%
#27 [#11 Semi-Final 2] (107 Points)GoodbyeThe HumansRomania
80%

Score Distribution

Percentile by Number Answered

Percent of People with Each Score

Your Score History

You have not taken this quiz